The analytical method of Navya-Nyāya

Saved in:  
Bibliographic Details
Main Author: Wada, Toshihiro 1954- (Author)
Format: Print Book
Language:English
Subito Delivery Service: Order now.
Check availability: HBZ Gateway
WorldCat: WorldCat
Interlibrary Loan:Interlibrary Loan for the Fachinformationsdienste (Specialized Information Services in Germany)
Published: Groningen Forsten 2007
In: Gonda indological studies (14)
Year: 2007
Series/Journal:Gonda indological studies 14
Standardized Subjects / Keyword chains:B Navya-Nyāya
Further subjects:B Navya Nyāya
B Thesis
Online Access: Table of Contents

MARC

LEADER 00000cam a2200000 c 4500
001 53828837X
003 DE-627
005 20251223213642.0
007 tu
008 070726s2007 ne ||||| m 00| ||eng c
010 |a  2008365309 
020 |a 9789069801537  |9 978-90-6980-153-7 
020 |a 9069801531  |9 90-6980-153-1 
035 |a (DE-627)53828837X 
035 |a (DE-576)278443907 
035 |a (DE-599)GBV53828837X 
035 |a (OCoLC)255552067 
035 |a (OCoLC)137334620 
040 |a DE-627  |b ger  |c DE-627  |e rakwb 
041 |a eng 
044 |c XA-NL 
050 0 |a B132.N8 
082 0 |a 181.43  |q LOC  |2 22 
084 |a 6,24  |a 0  |2 ssgn 
084 |a 11.92  |2 bkl 
100 1 |8 1\p  |0 (DE-588)104631016X  |0 (DE-627)776080008  |0 (DE-576)399625836  |4 aut  |a Wada, Toshihiro  |d 1954- 
109 |a Wada, Toshihiro 1954-  |a Wada, Tosihiro 1954- 
245 1 4 |a The analytical method of Navya-Nyāya  |c Toshihiro Wada 
264 1 |a Groningen  |b Forsten  |c 2007 
300 |a VIII, 220 S.  |b Ill. 
336 |a Text  |b txt  |2 rdacontent 
337 |a ohne Hilfsmittel zu benutzen  |b n  |2 rdamedia 
338 |a Band  |b nc  |2 rdacarrier 
490 1 |a Gonda indological studies  |v 14 
500 |a Zugl.: Nagoya, Univ., Diss., 2002 
583 1 |a Archivierung prüfen  |c 20200919  |f DE-640  |z 2  |2 pdager 
583 1 |a Archivierung/Langzeitarchivierung gewährleistet  |f SSG  |x XA-DE-BW  |2 pdager  |5 DE-16-77 
650 0 |a Navya Nyāya 
655 7 |a Hochschulschrift  |0 (DE-588)4113937-9  |0 (DE-627)105825778  |0 (DE-576)209480580  |2 gnd-content 
689 0 0 |d s  |0 (DE-588)4171352-7  |0 (DE-627)194072975  |0 (DE-576)209936347  |2 gnd  |a Navya-Nyāya 
689 0 |5 DE-101 
689 1 0 |d s  |0 (DE-588)4171352-7  |0 (DE-627)194072975  |0 (DE-576)209936347  |2 gnd  |a Navya-Nyāya 
689 1 |5 (DE-627) 
830 0 |a Gonda indological studies  |v 14  |9 1400  |w (DE-627)57352050X  |w (DE-576)04386967X  |w (DE-600)2442356-7  |x 1382-3442  |7 am 
856 4 2 |u https://swbplus.bsz-bw.de/bsz278443907inh.htm  |m V:DE-576  |v 2008-08-11  |3 Inhaltsverzeichnis  |7 1 
883 |8 1\p  |a cgwrk  |d 20241001  |q DE-101  |u https://d-nb.info/provenance/plan#cgwrk 
935 |a mteo 
936 b k |a 11.92  |j Hinduismus  |0 (DE-627)106403966 
951 |a BO 
ELC |b 1 
ITA |a 1 
LOK |0 000 xxxxxcx a22 zn 4500 
LOK |0 001 3163990134 
LOK |0 003 DE-627 
LOK |0 004 53828837X 
LOK |0 005 20190130200111 
LOK |0 008 171221||||||||||||||||ger||||||| 
LOK |0 040   |a DE-21-34  |c DE-627  |d DE-21-34 
LOK |0 541   |e 334/08 
LOK |0 689   |a s  |a Philosophie 
LOK |0 689   |a s  |a Indische Philosophie 
LOK |0 689   |a s  |a Hinduistische Philosophie 
LOK |0 689   |a s  |a Navya-Nyāya 
LOK |0 852   |p 605611586906 
LOK |0 852   |a DE-21-34 
LOK |0 852 1  |c Nq 161  |m p  |9 00 
LOK |0 852 2  |b Indologie  |9 00 
LOK |0 935   |a indo  |a k034 
LOK |0 938   |k p 
LOK |0 939   |a 21-12-17  |b l01 
LOK |0 000 xxxxxcx a22 zn 4500 
LOK |0 001 442666330X 
LOK |0 003 DE-627 
LOK |0 004 53828837X 
LOK |0 005 20231219173650 
LOK |0 008 231205||||||||||||||||ger||||||| 
LOK |0 040   |a DE-Tue135  |c DE-627  |d DE-Tue135 
LOK |0 092   |o n 
LOK |0 852   |a DE-Tue135 
LOK |0 852 1  |9 00 
LOK |0 935   |a hdsa 
LOK |0 939   |a 05-12-23  |b l01 
ORI |a SA-MARC-ixtheoa001.raw 
REL |a 1 
STA 0 0 |a Navya-Nyāya 
STB 0 0 |a Navya-Nyāya 
STC 0 0 |a Navya-Nyaya 
STD 0 0 |a Navya-Nyāya 
STG 0 0 |a Navja-Njaja 
STH 0 0 |a Навья-ньяя 
STI 0 0 |a Navya-Nyāya 
SUB |a REL 
SYG 0 0 |a Nawja-Njaja , Nawja-Njaja